The Adventure of Feluda The Emperor's Ring/ (Record no. 203362)

MARC details
000 -LEADER
fixed length control field 00600 a2200205 4500
005 - DATE AND TIME OF LATEST TRANSACTION
control field 20240529140632.0
010 ## - LCCN (DPL NO)
LC control number B-759246
020 ## - INTERNATIONAL STANDARD BOOK NUMBER
International Standard Book Number 9780143334248
Terms of availability 150.00
035 ## - SYSTEM CONTROL NUMBER
System control number B-759246
037 ## - SOURCE OF ACQUISITION
Source of stock number/acquisition Gift
082 ## - DEWEY DECIMAL CLASSIFICATION NUMBER
Classification number N
100 ## - MAIN ENTRY--PERSONAL NAME
Personal name Ray's Satyajit
245 ## - TITLE STATEMENT
Title The Adventure of Feluda The Emperor's Ring/
Statement of responsibility, etc Satyajit Ray's
260 ## - PUBLICATION, DISTRIBUTION, ETC. (IMPRINT)
Place of publication, distribution, etc Gurgaon
Name of publisher, distributor, etc Penguin Books India Pvt. Ltd.
Date of publication, distribution, etc 2022
270 ## - ADDRESS
Address 7th Floor Infinity Tower C DLF Cyber City
City Gurgaon
Postal code 122002
300 ## - PHYSICAL DESCRIPTION
Extent 106 p.
Dimensions 19 cm(Pb)
700 ## - ADDED ENTRY--PERSONAL NAME
9 (RLIN) 67043
942 ## - ADDED ENTRY ELEMENTS (KOHA)
Institution code [OBSOLETE] dpl
Item type Children Books
Source of classification or shelving scheme Dewey Decimal Classification
Classification part N
Call number suffix RAY
Holdings
Withdrawn status Lost status Not for loan Collection code Home library Current library Date acquired Source of acquisition Cost, normal purchase price Full call number Barcode Copy number Cost, replacement price Koha item type Public note
      Fiction Ashok Vihar Ashok Vihar 29/05/2024 Gift/28.5.24 150.00 N RAY B-759246 1 150.00 Children Books Gift

© Delhi Public Library
Hit Counter
free hit counter